| 000 | 01435cam a2200253 4500 | ||
|---|---|---|---|
| 001 | ABS66584 | ||
| 008 | 030416n2003 000 0 eng u | ||
| 035 | _a(Sirsi) u122014 | ||
| 100 | _aLeishman, C. | ||
| 245 | _aOffice space requirements: comparing occupiers' preferences with agents' perceptions | ||
| 260 | _c2003 | ||
| 490 |
_aJournal of Property Investment and Finance _v21(1) 2003, 45-60(16) |
||
| 520 | _aThis paper reports the results from the first stage of a research project that examines changes in urban office occupiers' space requirements and their impact on the structure of urban office markets. The results discussed are based on two surveys: a detailed survey of office occupiers in two office submarkets in Edinburgh; and a second survey of office agents. This allows agents' perceptions of occupiers' space requirements to be compared with those expressed by respondent occupiers. The results suggest that agents' knowledge of occupier preferences vary across submarkets and that, in particular, they are less well informed about occupiers' preferences in non-traditional submarkets. [Partly taken from journal abstract]. | ||
| 590 | _aABS | ||
| 650 | _aSPACE PLANNING | ||
| 650 | _aOCCUPIERS | ||
| 650 | _aCOMMERCIAL PROPERTY AGENTS | ||
| 650 | _aOFFICE SPACE | ||
| 690 | _aPROPERTY-COMMERCIAL PROPERTY | ||
| 700 | _aDunse, N. | ||
| 700 | _aWarren, F. | ||
| 700 | _aWatkins, C. | ||
| 942 | _n0 | ||
| 999 |
_c72509 _d72509 |
||